Chemical engineering

Gardado en:
Detalles Bibliográficos
Main Authors: Coulson, John Metcalfe (Author), Richardson, John Francis (Author)
Formato: Libro
Idioma:inglés
Publicado: Oxford Butterworth-Heinemann 2002
Edición:5a. ed
Subjects:
Tags: Engadir etiqueta
Sen Etiquetas, Sexa o primeiro en etiquetar este rexistro!

MARC

LEADER 00000nam a2200000 a 4500
001 UCK2661
003 CL-VaPUC
008 050311e20020000UK |||||||||||||||||eng|d
020 |a 0750644451 
082 0 4 |a 660.2  |b COU  |2 21 
100 0 |a Coulson, John Metcalfe  |e author  |9 490525 
700 0 |a Richardson, John Francis  |e author  |9 490526 
245 1 0 |a Chemical engineering 
250 |a 5a. ed 
300 |a v 
942 |c BK 
945 |d 20050311 00:00:00  |a cmena 
260 |a Oxford  |b Butterworth-Heinemann  |c 2002 
500 |a v.2: Particle technology and separation processes 
650 7 |a INGENIERIA QUIMICA  |2 CL-VaPUC  |9 8 
650 0 |a Tecnología química   |9 263002 
650 0 |a Termodinámica   |9 259320 
583 |a last modification  |c 20050311 00:00:00  |k Rodrigo Vera 
999 |c 312096  |d 312094 
952 |0 0  |1 0  |4 0  |6 660_200000000000000_COU_2002  |7 0  |8 A  |9 381958  |a BIBING  |b BIBING  |d 2019-11-21  |h v.2  |i 409722K  |o 660.2 COU 2002  |p 409722K  |r 2025-01-20  |w 2019-11-21  |y BK  |k EIQ 
952 |0 0  |1 0  |4 0  |6 660_200000000000000_COU_2002  |7 0  |8 A  |9 381960  |a BIBING  |b BIBING  |d 2019-11-21  |h v.2  |i 4105575  |o 660.2 COU 2002  |p 4105575  |r 2025-01-20  |w 2019-11-21  |y BK  |k EIQ